Statistiques concernant Drapeaux en 15 secondes #8

Cliquez ici pour prendre le quiz!

Statistiques générales

  • Ce quiz a été pris 53 fois
  • Le résultat moyen est 5 sur 15

Statistiques - réponses

HintRéponse% Correct
Togo🇹🇬
53%
Ghana🇬🇭
44%
Mozambique🇲🇿
44%
Côte d'ivoire🇨🇮
44%
Mali🇲🇱
35%
Cameroun🇨🇲
35%
Burkina faso🇧🇫
35%
Lesotho🇱🇸
35%
Zambie🇿🇲
35%
Madagascar🇲🇬
32%
Gabon🇬🇦
32%
Sénégal🇸🇳
29%
Niger🇳🇪
29%
République du congo🇨🇬
26%
Bénin🇧🇯
18%

Distribution des résultats

Percentile par nombre de réponses

% des personnes avec chaque résultat

Votre développement - résultats

Vous n’avez pas pris ce quiz